Hypertension: from basic research to clinical practice (Post nr. 3569)

MARC-detaljer
000 -LEADER
fixed length control field 02664nam a22005415i 4500
001 - CONTROL NUMBER
control field 60182
005 - DATE AND TIME OF LATEST TRANSACTION
control field 20200226102414.0
007 - PHYSICAL DESCRIPTION FIXED FIELD--GENERAL INFORMATION
fixed length control field cr nn 008mamaa
008 - FIXED-LENGTH DATA ELEMENTS--GENERAL INFORMATION
fixed length control field 170509s2017 gw | s |||| 0|eng d
020 ## - INTERNATIONAL STANDARD BOOK NUMBER
International Standard Book Number 9783319442518
-- 978-3-319-44251-8
024 7# - OTHER STANDARD IDENTIFIER
Standard number or code 10.1007/978-3-319-44251-8
Source of number or code doi
035 ## - SYSTEM CONTROL NUMBER
System control number (DE-He213)978-3-319-44251-8
050 #4 - LIBRARY OF CONGRESS CALL NUMBER
Classification number RC681-688.2
072 #7 - SUBJECT CATEGORY CODE
Subject category code MJD
Source bicssc
072 #7 - SUBJECT CATEGORY CODE
Subject category code MED010000
Source bisacsh
082 04 - DEWEY DECIMAL CLASSIFICATION NUMBER
Classification number 616.12
Edition number 23
245 10 - TITLE STATEMENT
Title Hypertension: from basic research to clinical practice
Medium [electronic resource] /
Statement of responsibility, etc. edited by Md. Shahidul Islam.
264 #1 - PRODUCTION, PUBLICATION, DISTRIBUTION, MANUFACTURE, AND COPYRIGHT NOTICE
Place of production, publication, distribution, manufacture Cham :
Name of producer, publisher, distributor, manufacturer Springer International Publishing :
-- Imprint: Springer,
Date of production, publication, distribution, manufacture, or copyright notice 2017.
300 ## - PHYSICAL DESCRIPTION
Extent IX, 631 p. 67 illus.
Other physical details online resource.
336 ## - CONTENT TYPE
Content type term text
Content type code txt
Source rdacontent
337 ## - MEDIA TYPE
Media type term computer
Media type code c
Source rdamedia
338 ## - CARRIER TYPE
Carrier type term online resource
Carrier type code cr
Source rdacarrier
347 ## - DIGITAL FILE CHARACTERISTICS
File type text file
Encoding format PDF
Source rda
490 1# - SERIES STATEMENT
Series statement Advances in Experimental Medicine and Biology,
International Standard Serial Number 0065-2598 ;
Volume/sequential designation 956
520 ## - SUMMARY, ETC.
Summary, etc. Hypertension: from basic research to clinical practice” contains a unique collection of selected chapters written by experts and enthusiasts engaged in research and treatment of hypertension, a condition that affects around a billion people in the world. The chapters describe fundamental researches at cellular and molecular levels to the science, and art of treatment of the condition in clinical practice. The topics included ranges from pathophysiology of hypertension, through monitoring of hypertension, to the treatment of hypertension in different patient categories. It contains essential background information as well as cutting edge research, and state of the art treatment alternatives in this broad field. From the beginners, and research students to the expert clinicians, and established scientists, everybody has something to learn from this book. .
650 #0 - SUBJECT ADDED ENTRY--TOPICAL TERM
Topical term or geographic name entry element Medicine.
650 #0 - SUBJECT ADDED ENTRY--TOPICAL TERM
Topical term or geographic name entry element Pharmacology.
650 #0 - SUBJECT ADDED ENTRY--TOPICAL TERM
Topical term or geographic name entry element Maternal and child health services.
650 #0 - SUBJECT ADDED ENTRY--TOPICAL TERM
Topical term or geographic name entry element Cardiology.
650 #0 - SUBJECT ADDED ENTRY--TOPICAL TERM
Topical term or geographic name entry element Nephrology.
650 #0 - SUBJECT ADDED ENTRY--TOPICAL TERM
Topical term or geographic name entry element Pathology.
650 #0 - SUBJECT ADDED ENTRY--TOPICAL TERM
Topical term or geographic name entry element Urology.
650 14 - SUBJECT ADDED ENTRY--TOPICAL TERM
Topical term or geographic name entry element Medicine & Public Health.
650 24 - SUBJECT ADDED ENTRY--TOPICAL TERM
Topical term or geographic name entry element Cardiology.
650 24 - SUBJECT ADDED ENTRY--TOPICAL TERM
Topical term or geographic name entry element Pathology.
650 24 - SUBJECT ADDED ENTRY--TOPICAL TERM
Topical term or geographic name entry element Pharmacology/Toxicology.
650 24 - SUBJECT ADDED ENTRY--TOPICAL TERM
Topical term or geographic name entry element Nephrology.
650 24 - SUBJECT ADDED ENTRY--TOPICAL TERM
Topical term or geographic name entry element Urology.
650 24 - SUBJECT ADDED ENTRY--TOPICAL TERM
Topical term or geographic name entry element Maternal and Child Health.
700 1# - ADDED ENTRY--PERSONAL NAME
Personal name Islam, Md. Shahidul.
Relator term editor.
710 2# - ADDED ENTRY--CORPORATE NAME
Corporate name or jurisdiction name as entry element SpringerLink (Online service)
773 0# - HOST ITEM ENTRY
Title Springer eBooks
776 08 - ADDITIONAL PHYSICAL FORM ENTRY
Relationship information Printed edition:
International Standard Book Number 9783319442501
830 #0 - SERIES ADDED ENTRY--UNIFORM TITLE
Uniform title Advances in Experimental Medicine and Biology,
International Standard Serial Number 0065-2598 ;
Volume/sequential designation 956
856 40 - ELECTRONIC LOCATION AND ACCESS
Uniform Resource Identifier <a href="http://dx.doi.org/10.1007/978-3-319-44251-8">http://dx.doi.org/10.1007/978-3-319-44251-8</a>
912 ## -
-- ZDB-2-SME

Inga exemplar finns tillgängliga.

Medicinska biblioteket, Karlskoga lasarett
Måndag och onsdag: 10.00-14.30, Lunchstängt 11.30-12.00.
Fredagar: 10.00-12.00.

Madelene Ribbing, bibliotekarie
Lena Mileraux, biblioteksassistent/administratör
0586-664 49
medbibl.kgalas@regionorebrolan.se




Medicinska biblioteket, Lindesbergs lasarett
Dörren till bibliotket är upplåst mellan 07-16:00 på vardagar.
Dörren i hisshallen är öppen måndag - tosdag 7.00 - 15.00. Fredagar stängt.

Bibliotekets bemanning:
Mån: självbetjäning
Tis, ons och tors: 10-15
Fre: självbetjäning

Madelene Ribbing, bibliotekarie
Telefon: 0581-853 11, 072-14 77 552
medbibl.lbglas@regionorebrolan.se